Statistics for Top 10 Most Popular Sports

Click here to take the quiz!

General Stats

  • This quiz has been taken 109 times
  • The average score is 8 of 10

Answer Stats

RankSport% Correct
1Football/Soccer
100%
7Basketball
95%
8Baseball
87%
4Tennis
82%
2Cricket
78%
3Hockey
76%
10Golf
71%
9Rugby
66%
5Volleyball
57%
6Table Tennis
48%

Score Distribution

Percentile by Number Answered

Percent of People with Each Score

Your Score History

You have not taken this quiz